Normal view MARC view

Entry Personal Name

Number of records used in: 1

001 - CONTROL NUMBER

  • control field: 59915

003 - CONTROL NUMBER IDENTIFIER

  • control field: OSt

005 - DATE AND TIME OF LATEST TRANSACTION

  • control field: 20260401143443.0

008 - FIXED-LENGTH DATA ELEMENTS

  • fixed length control field: 260401|| aca||aabn | a|a d

040 ## - CATALOGING SOURCE

  • Original cataloging agency: OSt
  • Transcribing agency: OSt

100 ## - HEADING--PERSONAL NAME

  • Personal name: Darwisheh, Housam

670 ## - SOURCE DATA FOUND

  • Source citation: Work cat.: (OSt): Darwisheh, Housam, The great betrayal: The struggle for freedom and democracy in the middle East

Powered by Koha